Revista de derecho comunitario europeo (Registro nro. 25949)
[ vista simple ]
| 000 -CABECERA | |
|---|---|
| Longitud fija campo de control | 01389nms a2200373 c 4500 |
| 001 - NÚMERO DE CONTROL | |
| Número de control | 25949 |
| 003 - IDENTIFICADOR DE NÚMERO DE CONTROL | |
| Identificador del número de control | ES-MaCES |
| 005 - FECHA Y HORA DE LA ÚLTIMA TRANSACCIÓN | |
| Fecha y hora de la última transacción | 20250317093054.0 |
| 007 - PHYSICAL DESCRIPTION FIXED FIELD--GENERAL INFORMAT | |
| Campo fijo de descripción física | cr ||||||||||| |
| 008 - CAMPO FIJO DE DESCRIPCIÓN FIJA--INFORMACIÓN GENERAL | |
| Códigos de información de longitud fija | 031125u2001 sp tn p 0 z|spa d |
| 017 ## - NÚMERO DE REGISTRO DE DERECHOS DE AUTOR Y DEPÓSITO LEGAL | |
| Número de copyright o de depósito legal | M 21228-1997 |
| Agencia que asigna el número | DL |
| 022 0# - ISSN (INTERNATIONAL STANDARD SERIAL NUMBER) | |
| Número Internacional Normalizado para Publicaciones Seriadas | 1138-4026 |
| 024 7# - OTROS IDENTIFICADORES | |
| Número normalizado o código | 005-01-002-2 |
| Fuente del número o código | nipo |
| 035 ## - NÚMERO DE CONTROL DEL SISTEMA | |
| Número de control del sistema | CES20030000145p |
| 040 ## - FUENTE DE CATALOGACIÓN | |
| Centro catalogador de origen | ES-MaCES |
| Lengua de catalogación | spa |
| Centro transcriptor | ES-MaCES |
| 245 00 - MENCIÓN DE TÍTULO | |
| Título | Revista de derecho comunitario europeo |
| Medio | Recurso electrónico |
| 260 ## - PUBLICACIÓN, DISTRIBUCIÓN, ETC (PIE DE IMPRENTA) | |
| Lugar de publicación, distribución, etc. | Madrid |
| Nombre del editor, distribuidor, etc. | Centro de estudios políticos y constitucionales |
| 300 ## - DESCRIPCIÓN FÍSICA | |
| Extensión | v. |
| 310 ## - PERIODICIDAD ACTUAL DE LA PUBLICACIÓN | |
| Periodicidad actual | Tres veces al año |
| 500 ## - NOTA GENERAL | |
| Nota general | Descripción basada en: n. 10 (jul.-dic. 2001) |
| 500 ## - NOTA GENERAL | |
| Nota general | Cancelada ed. impresa, continúa ed. electrónica de libre acceso |
| 541 ## - NOTA DE LA FUENTE INMEDIANTE DE ADQUISICIÓN | |
| Forma de adquisición | Gratuito |
| 650 #4 - ASIENTO SECUNDARIO DE MATERIA--TÉRMINO DE MATERIA | |
| Término de materia o nombre geográfico como elemento inicial | derecho comunitario |
| 9 (RLIN) | 29866 |
| 650 #4 - ASIENTO SECUNDARIO DE MATERIA--TÉRMINO DE MATERIA | |
| 9 (RLIN) | 26752 |
| Término de materia o nombre geográfico como elemento inicial | UE |
| 653 10 - TÉRMINO DE INDEXACIÓN--NO CONTROLADO | |
| Término no controlado | Derecho |
| 710 2# - ENCABEZAMIENTO SECUNDARIO--NOMBRE CORPORATIVO | |
| Nombre de entidad o nombre de jurisdicción como elemento inicial | Centro de Estudios Políticos y Constitucionales (España) |
| Término indicativo de función | ed. |
| 9 (RLIN) | 1877 |
| 853 21 - LEYENDAS Y PATRÓN--UNIDAD BIBLIOGRÁFICA BÁSICA | |
| Primer nivel de enumeración | año |
| Segundo nivel de enumeración | n. |
| Primer nivel de cronología | año |
| Segundo nivel de cronología | mes |
| Frecuencia | t |
| 856 4# - ACCESO ELECTRÓNICO | |
| Identificador Uniforme del Recurso (URI) | https://www.cepc.gob.es/publicaciones/revistas/revista-de-derecho-comunitario-europeo#todos-los-numeros |
| Texto del enlace | texto completo desde n. 1 (1997) |
| 905 ## - CES. DATOS REVISTA | |
| Boletín de sumarios (Sirtex 591$a) | Boletín D |
| Kardex | SÍ |
| Abreviatura boletín | RevisDDerComEur |
| Proceso | + |
| 942 ## - ELEMENTOS KOHA | |
| Fuente de clasificaión o esquema | Clasificación propia del CES |
| Koha [por defecto] tipo de item | Periódicas |
| Parte de clasificación | Derecho |
No hay ítems disponibles.
